| 000 | 01052nam0a22002651 4500 | ||
|---|---|---|---|
| 001 | rc\1109685 | ||
| 005 | 20250622181728.0 | ||
| 035 | _a(NLR Aleph) 006354127 | ||
| 090 |
_a4832856 _c4832856 |
||
| 100 | _a20041126d1982 |||y0rusy50 ca | ||
| 101 | 0 | _arus | |
| 102 | _aRU | ||
| 105 | _aa ||||||||| | ||
| 200 | 1 |
_aУстройство, эксплуатационно-техническое обслуживание и ремонт междугородных телефонных станций _eУчеб. пособие для сред. ПТУ |
|
| 210 |
_aМ. _cВысш. школа _d1982 |
||
| 215 |
_a280 с. _cил. _d21 |
||
| 225 | 1 |
_aПрофессионально-техническое образование _iСвязь |
|
| 320 | _aБиблиогр.: с. 277 | ||
| 700 | 1 |
_aПеленов _bС.М. _gСтанислав Михайлович |
|
| 701 | 1 |
_aКосенко _bС.С. _gСтанислав Сильвестрович |
|
| 801 | 0 |
_aRU _bNLR _gpsbo |
|
| 801 | 1 |
_aRU _bELAR _2rusmarc |
|
| 852 |
_aNLR _j83-5/3277 |
||
| 942 | _cBOOK | ||
| 980 | _aNB | ||